Advances in Behavioral Finance

Na minha lista:
Detalhes bibliográficos
Outros Autores: Thaler, Richard H.
Formato: Livro
Idioma:inglês
Publicado em: New York Russell Sage Foundation 1993
Assuntos:
Tags: Adicionar Tag
Sem tags, seja o primeiro a adicionar uma tag!

MARC

LEADER 00000nam a2200000 4500
001 0278654
005 20240111124700.1
020 |a 978-0-87154-844-3 
041 0 |a eng 
044 |a US 
245 1 0 |a Advances in Behavioral Finance  |c editor: Richard H. Thaler 
264 1 |a New York  |b Russell Sage Foundation  |c 1993 
300 |a 597 s. 
610 2 0 |a financie behaviorálne 
610 2 0 |a trh finančný 
610 2 0 |a investície 
610 2 0 |a riziko 
610 2 0 |a akcie 
610 2 0 |a výnosy 
610 2 0 |a teórie ekonomické 
700 1 |a Thaler, Richard H.